Statistics for 25 most populated cities in Galicia

Click here to take the quiz!

General Stats

  • This quiz has been taken 155 times
  • The average score is 15 of 25

Answer Stats

Pop.MunicipalityProvince% Correct
248 kA CoruñaA Coruña
100%
98.5 kLugoLugo
100%
106 kOurenseOurense
100%
297 kVigoPontevedra
99%
83.3 kPontevedraPontevedra
96%
97.8 kSantiago de CompostelaA Coruña
96%
65.6 kFerrolA Coruña
92%
37.6 kVilagarcía de ArousaPontevedra
74%
32.7 kArteixoA Coruña
62%
39.1 kNarónA Coruña
55%
36.5 kOleirosA Coruña
55%
31.4 kCarballoA Coruña
51%
26.6 kCangasPontevedra
49%
29.2 kRedondelaPontevedra
48%
26.8 kRibeiraA Coruña
47%
24.2 kMarínPontevedra
46%
32.1 kAmesA Coruña
45%
20.2 kLalínPontevedra
44%
20.1 kO PorriñoPontevedra
41%
19.5 kMoañaPontevedra
38%
20.4 kA EstradaPontevedra
34%
30.7 kCulleredoA Coruña
33%
18.9 kBoiroA Coruña
31%
22.9 kPonteareasPontevedra
30%
24.6 kCambreA Coruña
29%

Score Distribution

Percentile by Number Answered

Percent of People with Each Score

Your Score History

You have not taken this quiz